000 01562nam a2200397 a 4500
001 0000348
003 DO-SdBNP
005 20180306101127.0
007 0000348
008 100909s2012 dr a 000 0 spa d
020 _a9789945117592 (v. 1)
020 _a9789945117608 (v. 2)
020 _a9789945117707 (v. 3)
040 _aBPMSU
_bspa
_cBPMSU
092 _a372.21
_bJ61l, 3 años 2012
100 1 _aJiménez Rosa, Tania
245 1 0 _aGrafomotricidad, aprendo matemáticas, lectoescritura 3:
_beducación inicial /
_cTania Jiménez Rosa ; dirección editorial Obdulia García de Escobar; ilustración Ruddy Núñez...[et al.].
260 _aSanto Domingo :
_bSantillana,
_c2012.
300 _a v. :
_bil.,
_c21 cm.
490 1 _aInnova
500 _aEste libro ha sido realizado de conformidad con el currículum vigente y ha sido sometido a la aprobación del MINERD(Ministerio de Educación de la República Dominicana)
500 _aLos cuadernos están dividos en primer trimestre, segundo trimestre y tercer trimestre.
650 _aEDUCACIÓN PREESCOLAR
_zREPÚBLICA DOMINICANA
650 _aEDUCACIÓN DE NIÑOS
650 _aEDUCACIÓN EN LA PRIMERA INFANCIA
650 _aJARDINES INFANTILES
650 _aEDUCACIÓN PREESCOLAR
_xLIBROS DE TEXTO
650 _aEDUCACIÓN PREESCOLAR
_xESTUDIOS Y EJERCICIOS
700 1 _aGarcía de Escobar, Obdulia
_eed.
700 1 _aNúñez, Ruddy
_eil.
830 0 _aInnova
910 _a000144
942 _2ddc
_cBK
945 _ainventariado, 2018 / dg
956 _aYngrid Lockward
_b10
999 _c9950
_d9950